000
00319nam a22001337a 4500
020
_a
9788183211437
082
_a
378.1
_b
KHA/FU
100
_a
Khan, P.M
245
_a
Fundamentals of extension education
260
_a
Udaipur
_b
Agrotech Publishing Academy
_c
2012
300
_a
464
700
_a
Somani, L.L
942
_c
BK
999
_c
13684
_d
13684